Citations Manon Lescaut - Statistiques

Statistiques générales
  • Ce quiz a été pris 11 fois
  • Le résultat moyen est 1 sur 20
Statistiques - réponses
Type de quiz Locuteur Citations % Correct
La Passion Amoureuse DG Elle me parut si charmante
67%
La Passion Amoureuse DG Manon était passionnée pour le plaisir, je l'étais pour elle.
33%
Le tiraillement de l’âme humaine DG Ce fut dans ce moment que l’honneur et la vertu me firent sentir encore les pointes du remords.
0%
Le Libertinage DG C’était malgré elle qu’on l’envoyait au couvent, pour arrêter sans doute son penchant au plaisir.
0%
La Passion Amoureuse DG Demande ma vie, qui est l'unique chose qui me reste à te sacrifier ; car mon cœur n'a jamais cessé d'être à toi.
0%
Le Libertinage Avis de l’auteur Il verra dans la conduite de M. Des Grieux, un exemple terrible de la force des passions.
0%
Le Libertinage DG Jamais une fille n’eut moins d’attachement qu’elle pour l’argent.
0%
L’Amitié DG Je le priai de plaindre la malignité de mon sort, qui me faisait profiter si mal des conseils d’un ami si vertueux.
0%
Fatalité DG L'amour est une passion innocente ; comment s'est-il changé, pour moi, en une source de misères et de désordres ?
0%
La Passion Amoureuse DG L’amour me rendait déjà si éclairé.
0%
Normalisation à la fin du roman DG L’innocence de nos occupations, et la tranquillité où nous étions continuellement, servirent à nous faire rappeler insensiblement des idées de religion.
0%
La Passion Amoureuse DG Malgré tout, elle est ma vie, mon seul bonheur.
0%
Le tiraillement de l’âme humaine DG Ma passion s’opposait à mes résolutions ; mes résolutions combattaient ma passion.
0%
La Passion Amoureuse DG Mon cœur s'ouvrit à mille sentiments de plaisir dont je n'avais jamais eu l'idée.
0%
La marginalité amène à un plaisir romanesque Avis de l’auteur Outre le plaisir d’une lecture agréable, on trouvera peu d’événements qui ne puissent servir à l’instruction des mœurs ; et c’est rendre, à mon avis, un service considérable au public de l’instruire en l’amusant.
0%
Un récit enchâssé et rétrospectif DG => Renoncourt Pardonnez si j’achève en peu de mots un récit qui me tue.
0%
Fatalité DG Par quelle fatalité, disais-je, suis-je devenu si criminel ?
0%
Un Univer social marginal Père de DG Qu'un père est malheureux, lorsqu'après avoir aimé tendrement un fils, et n'avoir rien épargné pour en faire un honnête homme, il n'y trouve à la fin qu'un fripon qui le déshonore !
0%
Normalisation à la fin du roman DG réparer, par une vie sage et réglée, le scandale de ma conduite.
0%
Le tiraillement de l’âme humaine DG Tous mes sentiments n'étaient qu'une alternative perpétuelle de haine et d'amour, d'espérance ou de désespoir, selon l'idée sous laquelle Manon s'offrait à mon esprit.
0%
Aucun quiz correspondant
Distribution des résultats
% des personnes avec chaque résultat
Percentile par nombre de réponses
Votre historique - résultats
Vous n’avez pas pris ce quiz